[Event "41st Olympiad Women 2014"]
[Site "Tromso NOR"]
[Date "2014.08.06"]
[Round "5.12"]
[Board "2"]
[White "Olsarova, Karolina"]
[Black "Pina Vega, Sulennis"]
[Result "1/2-1/2"]
[WhiteTitle "WIM"]
[BlackTitle "WGM"]
[WhiteElo "2237"]
[BlackElo "2270"]
[WhiteTeam "Czech Republic"]
[BlackTeam "Cuba"]
[WhiteFideId "320242"]
[BlackFideId "3503151"]
[EventDate "2014.08.02"]

1. e4 c5 2. Nf3 Nc6 3. c3 d6 4. d4 Nf6 5. d5 Nb8 6. Bd3 g6 7. h3 Bg7 8. O-O O-O
9. Re1 Na6 10. a4 Nc7 11. c4 e5 12. dxe6 Nxe6 13. Nc3 Nd7 14. Nd5 Ne5 15. Nxe5
dxe5 16. a5 Nd4 17. Bd2 Be6 18. Ra3 f5 19. f4 Bxd5 20. exd5 e4 21. Bf1 b5 22.
cxb5 Qxd5 23. Qc1 Kh8 24. Be3 Rab8 25. Rd1 Qb7 26. Qd2 Rfd8 27. Kh1 Ne6 28. Qc2
Rxd1 29. Qxd1 Bd4 30. Qc1 Qc7 31. Bd2 Qd6 32. Bc4 Nc7 33. Rb3 Nd5 34. Qf1 Re8
35. Bc1 Nb4 36. Qe2 Qc7 37. Ra3 Rd8 38. Ra4 Qd6 39. Ra1 Qf6 40. Kh2 Rd7 41. Ra4
h5 42. Kh1 h4 43. Qe1 Kg7 44. Qe2 Re7 45. b6 axb6 46. a6 Nc6 47. Bd5 Na7 48. Bb7
b5 49. Ra1 b4 50. Rb1 Qe6 51. b3 e3 52. Bb2 Qd6 53. Rf1 Bxb2 54. Qxb2+ Qd4 55.
Qe2 Qd2 56. Re1 Kf6 57. Kg1 Qxe2 58. Rxe2 g5 59. fxg5+ Kxg5 60. Kf1 Kf4 61. Rc2
Rc7 62. Ke2 c4 63. bxc4 b3 64. Rb2 Rxc4 65. Rxb3 Rc2+ 66. Ke1 Ra2 67. Rb4+ Kg3
68. Rb6 Kf4 69. Rb4+ Ke5 70. Rb1 f4 71. Rb4 Ra5 72. Ke2 Ra2+ 73. Ke1 Ra5 74.
Re4+ Kf5 75. Rb4 Ra2 76. Rb1 Ra4 77. Ke2 Ke5 78. Rb6 Ra2+ 79. Ke1 Ra4 80. Rb2
Kd4 81. Ke2 Kc5 82. Rc2+ Kb6 83. Kf3 Nb5 84. Rb2 Kc5 85. Rb1 Nd4+ 86. Kxf4 e2
87. Ke3 e1=Q+ 88. Rxe1 Nc2+ 89. Ke2 Nxe1 90. Kxe1 Ra2 91. Kf1 Kd4 92. Kg1 Ke3
93. Kh2 Kf2 94. Bc8 Ra1 95. Bb7 Ra2 96. Bc8 Ra3 97. Bb7 Ra1 98. Bc8 Ra2 99. Bb7
Ra1 1/2-1/2

[Event "41st Olympiad Women 2014"]
[Site "Tromso NOR"]
[Date "2014.08.06"]
[Round "5.12"]
[Board "3"]
[White "Vigoa Apecheche, Yanira"]
[Black "Sikorova, Olga"]
[Result "1/2-1/2"]
[WhiteTitle "WGM"]
[BlackTitle "WGM"]
[WhiteElo "2317"]
[BlackElo "2289"]
[WhiteTeam "Cuba"]
[BlackTeam "Czech Republic"]
[WhiteFideId "3507041"]
[BlackFideId "307033"]
[EventDate "2014.08.02"]

1. d4 Nf6 2. Bg5 e6 3. Nd2 h6 4. Bh4 c5 5. e4 d5 6. e5 g5 7. Bg3 Nfd7 8. h4 gxh4
9. Bxh4 Qb6 10. c4 cxd4 11. cxd5 exd5 12. Rc1 Na6 13. Ngf3 Bg7 14. Bd3 Nac5 15.
Bb1 Qa6 16. Nb3 Nxb3 17. Qxb3 Nxe5 18. Nxe5 Bxe5 19. Qxd5 Qd6 20. Qxd6 Bxd6 21.
Bf6 Rg8 22. Kf1 Be6 23. Be4 Bf4 24. Re1 Rc8 25. b3 b6 26. Bxd4 Ke7 27. Bb2 Rgd8
28. g3 Bd2 29. Rd1 a5 30. Ke2 Bb4 31. Bd4 Bc5 32. Bxc5+ Rxc5 33. Rxd8 Kxd8 34.
Rxh6 a4 35. Kd2 axb3 36. axb3 Rb5 37. Bc2 Bxb3 38. Bd3 Rd5 39. Kc3 Ba2 40. Rxb6
Ra5 41. Rb4 Be6 42. Kd4 Ke7 43. Ke3 Ra3 44. Kd4 Ra2 45. Ke3 Ra3 46. g4 Bc8 47.
Kd2 Ra2+ 48. Bc2 Kf6 49. f3 Be6 50. Rb5 Bd7 51. Rb6+ Kg5 52. Kc1 Be6 53. Rb4 Kh4
54. Be4 Kg3 55. Rb5 Kf4 56. Rb4 Ke3 57. Kb1 Rh2 58. Ra4 Rf2 59. Ka1 Rd2 60. Ba8
Kf2 61. Ra3 Kg3 62. Kb1 Kf4 63. Kc1 Ra2 64. Rxa2 Bxa2 65. Kd2 Be6 66. Kd3 Bxg4 1/2-1/2

[Event "41st Olympiad Women 2014"]
[Site "Tromso NOR"]
[Date "2014.08.06"]
[Round "5.12"]
[Board "4"]
[White "Olsarova, Tereza"]
[Black "Arribas Robaina, Maritza"]
[Result "0-1"]
[WhiteTitle "WIM"]
[BlackTitle "WGM"]
[WhiteElo "2271"]
[BlackElo "2291"]
[WhiteTeam "Czech Republic"]
[BlackTeam "Cuba"]
[WhiteFideId "325449"]
[BlackFideId "3501418"]
[EventDate "2014.08.02"]

1. e4 e6 2. d3 d5 3. Nd2 Nc6 4. Ngf3 Nf6 5. c3 Be7 6. e5 Nd7 7. d4 f6 8. Qe2
fxe5 9. Nxe5 Ndxe5 10. dxe5 O-O 11. g3 Bc5 12. f4 a5 13. Nf3 Bd7 14. Be3 Qe7 15.
Qf2 b6 16. Bd3 Be8 17. Bxc5 bxc5 18. Qc2 h6 19. O-O c4 20. Be2 Qc5+ 21. Kh1 Rb8
22. Rad1 Qb6 23. Rb1 Ne7 24. Nh4 Nf5 25. Nxf5 Rxf5 26. g4 Rf8 27. f5 Qe3 28.
Rbe1 Bc6 29. Bf3 Qg5 30. Qg2 Kh8 31. fxe6 Rbd8 32. b3 cxb3 33. axb3 Bb5 34. Rg1
c6 35. c4 dxc4 36. bxc4 Bxc4 37. e7 Qxe7 38. Bxc6 Be6 39. g5 hxg5 40. Be4 Rd4
41. Re3 g4 42. Rge1 Qd8 43. Kg1 a4 44. Qe2 Kg8 45. Rd3 Rxd3 46. Bxd3 Qd4+ 47.
Qe3 Qxe3+ 48. Rxe3 Rf3 49. Rxf3 gxf3 50. Kf2 a3 51. Bb1 Bd5 0-1

[Event "41st Olympiad Women 2014"]
[Site "Tromso NOR"]
[Date "2014.08.06"]
[Round "5.13"]
[Board "1"]
[White "Klinova, Masha"]
[Black "Repkova, Eva"]
[Result "1/2-1/2"]
[WhiteTitle "IM"]
[BlackTitle "IM"]
[WhiteElo "2312"]
[BlackElo "2358"]
[WhiteTeam "Israel"]
[BlackTeam "Slovakia"]
[WhiteFideId "2802015"]
[BlackFideId "14900440"]
[EventDate "2014.08.02"]

1. e4 e6 2. d3 c5 3. g3 Nc6 4. Bg2 d6 5. Nc3 Nf6 6. Nge2 Be7 7. O-O O-O 8. h3 a6
9. a4 Rb8 10. f4 Qc7 11. g4 b5 12. axb5 axb5 13. Ng3 b4 14. Nce2 e5 15. g5 Nd7
16. Nf5 Bd8 17. Neg3 Nd4 18. b3 Ne6 19. Nh5 exf4 20. h4 Ne5 21. Nxf4 Nxf4 22.
Bxf4 Be6 23. Qe1 Qd7 24. Ne3 Ng6 25. Bg3 f6 26. Ra6 Ne5 27. gxf6 Bxf6 28. Nf5
Bxf5 29. exf5 Kh8 30. Bd5 Qd8 1/2-1/2

[Event "41st Olympiad Women 2014"]
[Site "Tromso NOR"]
[Date "2014.08.06"]
[Round "5.13"]
[Board "2"]
[White "Stockova, Zuzana"]
[Black "Shvayger, Yuliya"]
[Result "1-0"]
[WhiteTitle "IM"]
[BlackTitle "WIM"]
[WhiteElo "2383"]
[BlackElo "2275"]
[WhiteTeam "Slovakia"]
[BlackTeam "Israel"]
[WhiteFideId "14900866"]
[BlackFideId "14100126"]
[EventDate "2014.08.02"]

1. e4 c5 2. Nf3 d6 3. d4 cxd4 4. Nxd4 Nf6 5. Nc3 a6 6. Be2 e5 7. Nb3 Be7 8. Bg5
Nbd7 9. a4 b6 10. Nd2 O-O 11. Nc4 Qc7 12. Ne3 Bb7 13. O-O Rfe8 14. Bc4 Qc5 15.
Qd3 Bf8 16. Rfd1 Rec8 17. Bb3 b5 18. Ncd5 Bxd5 19. Nxd5 bxa4 20. Rxa4 Nxd5 21.
Bxd5 Nb6 22. Be3 Qb5 23. Qxb5 axb5 24. Rxa8 Nxa8 25. Ra1 Nc7 26. Bb7 Rb8 27. Bc6
Ne6 28. Bd5 Be7 29. Ra7 Kf8 30. Kf1 Nc5 31. g3 Rc8 32. Ra5 b4 33. Rb5 Ne6 34.
Rxb4 Rxc2 35. Rb8+ Nd8 36. b4 Ke8 37. b5 Kd7 38. Ra8 Bf6 39. b6 Rb2 40. Ra7+ Kc8
41. Bc4 Kb8 42. Bd5 Kc8 43. Ke1 h6 44. h4 g5 45. h5 g4 46. Bc4 Bg5 47. Ba6+ Kb8
48. Rc7 1-0

[Event "41st Olympiad Women 2014"]
[Site "Tromso NOR"]
[Date "2014.08.06"]
[Round "5.13"]
[Board "3"]
[White "Vasiliev, Olga"]
[Black "Kochetkova, Julia"]
[Result "1/2-1/2"]
[WhiteTitle "WIM"]
[BlackTitle "WGM"]
[WhiteElo "2276"]
[BlackElo "2338"]
[WhiteTeam "Israel"]
[BlackTeam "Slovakia"]
[WhiteFideId "2807602"]
[BlackFideId "4139690"]
[EventDate "2014.08.02"]

1. e4 c5 2. Nf3 e6 3. d4 cxd4 4. Nxd4 Nc6 5. Nc3 Qc7 6. Be2 a6 7. O-O Nf6 8. Be3
d6 9. f4 Be7 10. g4 Nxd4 11. Qxd4 e5 12. Qd1 exf4 13. Rxf4 Be6 14. Qd4 O-O 15.
h4 Nd7 16. g5 Ne5 17. Rf2 b5 18. a4 b4 19. Qxb4 Rab8 20. Qd4 Nc6 21. Qd2 Rxb2
22. Bxa6 Ne5 23. Nd1 Rbb8 24. Qc3 Qd8 25. Be2 Rc8 26. Qd2 Qc7 27. c3 d5 28. exd5
Rfd8 29. Bd4 Bxd5 30. Qe3 Bd6 31. h5 Re8 32. Qh3 Be6 33. Qg2 Nc6 34. g6 fxg6 35.
hxg6 hxg6 36. Qxg6 Nxd4 37. cxd4 Bd5 38. Qh5 Bf7 39. Qg4 Re6 40. Rg2 Rg6 41. Qh3
Re8 42. Rxg6 Bxg6 43. Ne3 Bf7 44. Bd3 Qc3 45. Rd1 g6 46. Nc2 Kg7 47. Rf1 Qd2 48.
Rxf7+ Kxf7 49. Qd7+ Re7 50. Bc4+ Kf8 51. Qd8+ Kg7 52. Qxd6 Qg5+ 53. Kf2 Qf5+ 54.
Kg1 Qg4+ 55. Kf2 Qf5+ 56. Kg1 Re4 57. Qc7+ Kh6 58. Qh2+ Kg5 59. Qd2+ Kf6 60. Bf1
Qg4+ 61. Qg2 Qe6 62. Qf3+ Kg7 63. a5 g5 64. a6 Rf4 65. Qb7+ Rf7 66. Qg2 Qf6 67.
Bd3 Qf4 68. Bf1 Qf6 69. Qe2 Re7 70. Qf2 Qd6 71. Ne3 Rf7 72. Nf5+ Rxf5 73. Qxf5
Qxd4+ 74. Qf2 Qg4+ 75. Bg2 Qd1+ 76. Bf1 Qg4+ 77. Bg2 Qd1+ 78. Qf1 Qd4+ 79. Kh2
Qd6+ 80. Kh3 Qe6+ 81. Kg3 Qd6+ 82. Kg4 Qd4+ 83. Kxg5 Qd8+ 84. Kf5 Qd7+ 85. Ke5
Qe7+ 86. Kd5 Qd7+ 87. Kc5 Qc7+ 88. Kb5 Qe5+ 89. Kb6 Qd4+ 90. Kc6 Qc3+ 91. Kd5
Qa5+ 92. Kd4 Qb6+ 93. Kc3 Qa5+ 94. Kb3 Qb6+ 95. Ka4 Qd4+ 96. Kb5 Qe5+ 97. Kb6
Qd4+ 98. Kc6 Qc3+ 99. Kb5 Qe5+ 100. Kc4 Qc7+ 101. Kb3 Qb6+ 102. Kc2 Qc5+ 103.
Kd2 Qb4+ 104. Ke3 Qc5+ 105. Kf3 Qc6+ 106. Kg4 Qg6+ 107. Kh3 Qh6+ 108. Kg3 Qd6+
109. Kf2 Qb6+ 110. Kg3 Qd6+ 111. Kf3 Qc6+ 112. Ke3 Qc5+ 113. Kd2 Qb4+ 114. Kc2
Qc5+ 115. Kd1 Qd4+ 116. Ke1 Qc3+ 117. Kf2 Qc5+ 118. Ke1 Qc3+ 119. Kd1 Qd4+ 120.
Kc2 Qe3 1/2-1/2

[Event "41st Olympiad Women 2014"]
[Site "Tromso NOR"]
[Date "2014.08.06"]
[Round "5.13"]
[Board "4"]
[White "Machalova, Veronika"]
[Black "Borsuk, Angela"]
[Result "1-0"]
[WhiteTitle "WFM"]
[BlackTitle "IM"]
[WhiteElo "2214"]
[BlackElo "2198"]
[WhiteTeam "Slovakia"]
[BlackTeam "Israel"]
[WhiteFideId "14904888"]
[BlackFideId "2806452"]
[EventDate "2014.08.02"]

1. e4 d6 2. d4 Nf6 3. Nc3 e5 4. Nf3 Nbd7 5. Bc4 Be7 6. O-O O-O 7. Re1 c6 8. a4
b6 9. d5 cxd5 10. Bxd5 Nxd5 11. Nxd5 Bb7 12. b3 Rc8 13. Re2 f5 14. Ba3 Nc5 15.
exf5 Bf6 16. Bb2 Qd7 17. b4 Nxa4 18. Bxe5 Kh8 19. Bxf6 gxf6 20. Re7 Qc6 21. Nf4
Nc3 22. Qd2 Rc7 23. Rxc7 Qxc7 24. Ne6 1-0

[Event "41st Olympiad Women 2014"]
[Site "Tromso NOR"]
[Date "2014.08.06"]
[Round "5.14"]
[Board "3"]
[White "Fernandez, Maria Florencia"]
[Black "Makropoulou, Marina"]
[Result "0-1"]
[WhiteTitle "WIM"]
[BlackTitle "WGM"]
[WhiteElo "2218"]
[BlackElo "2218"]
[WhiteTeam "Argentina"]
[BlackTeam "Greece"]
[WhiteFideId "116459"]
[BlackFideId "4200187"]
[EventDate "2014.08.02"]

1. d4 e6 2. c4 Bb4+ 3. Nc3 b6 4. e4 Bb7 5. Bd3 f5 6. d5 fxe4 7. Bxe4 Nf6 8. Bg5
O-O 9. Ne2 exd5 10. Bxd5+ Bxd5 11. Bxf6 Qxf6 12. Qxd5+ Kh8 13. Qxa8 Nc6 14. Qb7
Qxf2+ 15. Kd1 Qxg2 16. Re1 Qxh2 17. a3 Qd6+ 18. Kc1 Bxc3 19. Nxc3 h6 20. Nd5 Qg3
21. Kd2 Qf2+ 22. Kd3 Qd4+ 23. Kc2 Rf2+ 24. Kb3 Na5+ 25. Ka4 Nxb7 26. Ne3 Nc5+ 0-1

[Event "41st Olympiad Women 2014"]
[Site "Tromso NOR"]
[Date "2014.08.06"]
[Round "5.15"]
[Board "1"]
[White "Daulyte, Deimante"]
[Black "Danielian, Elina"]
[Result "1/2-1/2"]
[WhiteTitle "WGM"]
[BlackTitle "GM"]
[WhiteElo "2386"]
[BlackElo "2490"]
[WhiteTeam "Lithuania"]
[BlackTeam "Armenia"]
[WhiteFideId "12802859"]
[BlackFideId "13300210"]
[EventDate "2014.08.02"]

1. e4 c6 2. d4 d5 3. Nd2 dxe4 4. Nxe4 Bf5 5. Ng3 Bg6 6. Nh3 Nf6 7. Bc4 e6 8. O-O
Nbd7 9. f4 Nb6 10. Bb3 c5 11. c3 Qd7 12. Ng5 cxd4 13. cxd4 Be7 14. Re1 Nbd5 15.
Nf3 O-O 16. Ne5 Qc7 17. Qf3 Bc2 18. Bc4 Rac8 19. Qf2 Ng4 20. Nxg4 Qxc4 21. Ne5
Qb5 22. f5 Bb4 23. Bd2 Bxd2 24. Qxd2 Bxf5 25. Nxf5 exf5 26. Rf1 f4 27. Nd3 Rfe8
28. Nxf4 Nxf4 29. Qxf4 Qd5 30. Rfe1 h6 31. Qf2 Rxe1+ 32. Rxe1 Qxa2 33. h3 a5 34.
Qf5 Rf8 35. Qb5 a4 36. Qxb7 Qc4 37. Qd7 Kh7 38. d5 Qb4 39. Rf1 Qxb2 40. Qxa4 f5
41. Qf4 Rf6 42. Kh1 Qe2 43. Kg1 1/2-1/2

[Event "41st Olympiad Women 2014"]
[Site "Tromso NOR"]
[Date "2014.08.06"]
[Round "5.15"]
[Board "2"]
[White "Mkrtchian, Lilit"]
[Black "Zaksaite, Salomeja"]
[Result "1-0"]
[WhiteTitle "IM"]
[BlackTitle "WIM"]
[WhiteElo "2453"]
[BlackElo "2170"]
[WhiteTeam "Armenia"]
[BlackTeam "Lithuania"]
[WhiteFideId "13300601"]
[BlackFideId "12801496"]
[EventDate "2014.08.02"]

1. Nf3 d5 2. g3 Nf6 3. Bg2 g6 4. b4 Bg7 5. Bb2 Na6 6. a3 c5 7. c4 dxc4 8. b5 Nc7
9. a4 O-O 10. Na3 a6 11. bxa6 Rxa6 12. Nxc4 Be6 13. Qc2 Ncd5 14. O-O Nb4 15. Qc1
Qa8 16. a5 Bxc4 17. Qxc4 Rxa5 18. Ne5 Rxa1 19. Rxa1 Qc8 20. Ra7 Ne8 21. d4 Bxe5
22. dxe5 Nc6 23. Ra1 Ng7 24. Qxc5 Ne6 25. Qc4 Ncd4 26. Qxc8 Nxe2+ 27. Kf1 Rxc8
28. Ba3 N2d4 29. Bxe7 b5 30. Bd5 Kg7 31. Ra7 Rc7 32. Bf6+ Kh6 33. Rxc7 Nxc7 34.
Bxf7 b4 35. Be7 Kg7 36. Bc4 b3 37. Ba3 g5 38. Bb2 Nf3 39. Ke2 g4 40. h4 Kg6 41.
Bxb3 Kf5 42. Bc2+ Ke6 43. Bxh7 Nxe5 44. Bg8+ Kf5 45. h5 Ne8 46. h6 Nf6 47. Bxe5 1-0

[Event "41st Olympiad Women 2014"]
[Site "Tromso NOR"]
[Date "2014.08.06"]
[Round "5.15"]
[Board "3"]
[White "Domarkaite, Laima"]
[Black "Galojan, Lilit"]
[Result "0-1"]
[WhiteTitle "WFM"]
[BlackTitle "IM"]
[WhiteElo "2160"]
[BlackElo "2275"]
[WhiteTeam "Lithuania"]
[BlackTeam "Armenia"]
[WhiteFideId "12800341"]
[BlackFideId "13301314"]
[EventDate "2014.08.02"]

1. e4 c5 2. c3 Nf6 3. e5 Nd5 4. Nf3 Nc6 5. Bc4 Nb6 6. Bb3 c4 7. Bc2 d6 8. exd6
Qxd6 9. d4 cxd3 10. Qxd3 Qxd3 11. Bxd3 Bg4 12. Nbd2 e5 13. O-O O-O-O 14. Be4 f6
15. Re1 Be6 16. h4 g6 17. a4 Kc7 18. a5 Nc8 19. Bc2 Nd6 20. b4 Bf5 21. Bxf5 gxf5
22. Nb3 Nc4 23. b5 Nb8 24. Ra4 Nd6 25. c4 f4 26. Nc5 Re8 27. Ne4 Nxe4 28. Rxe4
Bc5 29. Bb2 Nd7 30. Ra1 Rhg8 31. Kf1 h5 32. Rd1 Bb4 33. Ra1 Rg4 34. Re2 Reg8 35.
a6 b6 36. Rd1 Rxg2 37. Re4 R2g7 38. Rd5 Re7 39. Bc1 Rd8 40. Nd4 exd4 41. Bxf4+
Ne5 42. Rdxd4 Rxd4 43. Rxd4 Rd7 44. Re4 Kd6 45. Bh6 Ke6 46. f3 Bc5 47. Re1 Kf5
48. Ke2 Nxc4 49. Rc1 Rh7 50. Rxc4 Rxh6 51. Re4 Rh7 52. Kd3 Re7 53. Rc4 Re3+ 0-1

[Event "41st Olympiad Women 2014"]
[Site "Tromso NOR"]
[Date "2014.08.06"]
[Round "5.15"]
[Board "4"]
[White "Kursova, Maria"]
[Black "Batkovskyte, Dominyka"]
[Result "1/2-1/2"]
[WhiteTitle "WGM"]
[WhiteElo "2313"]
[BlackElo "2117"]
[WhiteTeam "Armenia"]
[BlackTeam "Lithuania"]
[WhiteFideId "4129709"]
[BlackFideId "12803243"]
[EventDate "2014.08.02"]

1. d4 Nf6 2. Nf3 g6 3. c4 Bg7 4. g3 d5 5. cxd5 Nxd5 6. Bg2 Nb6 7. O-O Nc6 8. e3
O-O 9. Nc3 e5 10. d5 e4 11. dxc6 Qxd1 12. Rxd1 exf3 13. Bxf3 bxc6 14. Bxc6 Rb8
15. Nb5 Nc4 16. a4 Bg4 17. f3 Be6 18. Nxc7 Rfd8 19. Rxd8+ Rxd8 20. Nxe6 Rd1+ 21.
Kf2 fxe6 22. f4 Nxb2 23. Bxb2 Rxa1 24. Bxa1 Bxa1 25. Ke2 Bc3 26. Kd3 Bb4 27. g4
h6 28. Bb5 Kf7 29. e4 g5 30. f5 exf5 31. exf5 Kf6 32. Ke4 a5 33. Kd5 Ba3 34. h3
Bb4 35. Bd3 Bf8 36. Kc6 Bb4 37. Kd7 Bd2 38. Ke8 Bb4 39. Bc2 Bc5 40. Bd3 Bb4 1/2-1/2

[Event "41st Olympiad Women 2014"]
[Site "Tromso NOR"]
[Date "2014.08.06"]
[Round "5.16"]
[Board "1"]
[White "Munguntuul, Batkhuyag"]
[Black "Nguyen, Thi Mai Hung"]
[Result "1-0"]
[WhiteTitle "IM"]
[BlackTitle "WIM"]
[WhiteElo "2410"]
[BlackElo "2307"]
[WhiteTeam "Mongolia"]
[BlackTeam "Vietnam"]
[WhiteFideId "4900758"]
[BlackFideId "12401676"]
[EventDate "2014.08.02"]

1. e4 e6 2. d4 d5 3. Nc3 Nf6 4. e5 Nfd7 5. f4 c5 6. Nf3 Nc6 7. Be3 cxd4 8. Nxd4
Bc5 9. Qd2 O-O 10. O-O-O a6 11. Nb3 Be7 12. g4 b5 13. g5 Nb6 14. Qf2 Nc4 15. Ne4
Bd7 16. Nf6+ gxf6 17. gxf6 Bxf6 18. exf6 Kh8 19. Bc5 Qxf6 20. Bxc4 bxc4 21. Na5
Rfb8 22. Nxc6 Qxb2+ 23. Kd2 c3+ 24. Ke1 Re8 25. Ne5 Ba4 26. Rg1 1-0

[Event "41st Olympiad Women 2014"]
[Site "Tromso NOR"]
[Date "2014.08.06"]
[Round "5.16"]
[Board "2"]
[White "Hoang, Thi Nhu Y"]
[Black "Batchimeg, Tuvshintugs"]
[Result "1-0"]
[WhiteTitle "WIM"]
[BlackTitle "WGM"]
[WhiteElo "2269"]
[BlackElo "2346"]
[WhiteTeam "Vietnam"]
[BlackTeam "Mongolia"]
[WhiteFideId "12401455"]
[BlackFideId "4900839"]
[EventDate "2014.08.02"]

1. d4 Nf6 2. c4 g6 3. Nf3 Bg7 4. g3 O-O 5. Bg2 d6 6. O-O Nc6 7. Nc3 Bf5 8. d5
Na5 9. Nd4 Bd7 10. b3 c5 11. dxc6 bxc6 12. Bd2 Rb8 13. Qc1 c5 14. Nf3 Re8 15. h3
Nc6 16. Bh6 Bh8 17. Rd1 Qa5 18. Bd2 Qc7 19. Bg5 Qc8 20. Kh2 Nd8 21. e4 Bc6 22.
Qc2 Qb7 23. Ne1 Ne6 24. Be3 Nd4 25. Qd3 e5 26. g4 Rbd8 27. Rab1 Qe7 28. a3 a5
29. f3 Rb8 30. Ne2 Rb7 31. Bd2 Reb8 32. Bxa5 Nxb3 33. Bc3 Nd4 34. Bxd4 exd4 35.
Ng3 Ba4 36. Rxb7 Qxb7 37. Rd2 Qb1 38. Qxb1 Rxb1 39. Nd3 Nd7 40. Rb2 Ra1 41. Rb7
Rxa3 42. Bf1 Bf6 43. f4 Bh4 44. Nh1 Nf6 45. e5 dxe5 46. Nxe5 Ra2+ 47. Kg1 Be8
48. Rb8 Kf8 49. Nf3 Nd7 50. Rxe8+ Kxe8 51. Nxh4 Nb6 52. Nf2 Kd7 53. Nf3 Rc2 54.
Ne4 Na4 55. Ne1 Ra2 56. Nd3 Kc6 57. Nexc5 Kb6 58. Nb3 Nb2 59. Nb4 Ra4 60. Nd5+
Ka7 61. c5 d3 62. c6 Ra3 63. c7 Kb7 64. Nc5+ Kc8 65. Ne4 Nc4 66. Nec3 Ra1 67.
Kf2 Nb2 68. Nb5 Rc1 69. Nb6+ Kb7 70. c8=Q+ Rxc8 71. Nxc8 d2 72. Nc3 1-0

[Event "41st Olympiad Women 2014"]
[Site "Tromso NOR"]
[Date "2014.08.06"]
[Round "5.16"]
[Board "3"]
[White "Bayarmaa, Bayarjargal"]
[Black "Hoang, Thi Bao Tram"]
[Result "1-0"]
[WhiteTitle "WFM"]
[BlackTitle "WGM"]
[WhiteElo "2109"]
[BlackElo "2329"]
[WhiteTeam "Mongolia"]
[BlackTeam "Vietnam"]
[WhiteFideId "4900260"]
[BlackFideId "12401102"]
[EventDate "2014.08.02"]

1. d4 d5 2. c4 c6 3. Nc3 e6 4. Nf3 dxc4 5. a4 Nf6 6. e4 Bb4 7. Bg5 Bxc3+ 8. bxc3
Qa5 9. e5 Nd5 10. Bd2 Nb6 11. Ng5 h6 12. Ne4 N8d7 13. Qg4 Kf8 14. Be2 Nxa4 15.
Nd6 Rh7 16. Bxc4 Qc7 17. Bd3 g6 18. Rxa4 1-0

[Event "41st Olympiad Women 2014"]
[Site "Tromso NOR"]
[Date "2014.08.06"]
[Round "5.16"]
[Board "4"]
[White "Pham, Le Thao Nguyen"]
[Black "Lkhamsuren, Uuganbayar"]
[Result "1-0"]
[WhiteTitle "IM"]
[BlackTitle "WFM"]
[WhiteElo "2331"]
[BlackElo "2125"]
[WhiteTeam "Vietnam"]
[BlackTeam "Mongolia"]
[WhiteFideId "12401226"]
[BlackFideId "4901347"]
[EventDate "2014.08.02"]

1. d4 d5 2. Bf4 Nf6 3. e3 e6 4. Nd2 c5 5. c3 Nc6 6. Ngf3 Bd6 7. Bg3 O-O 8. Bd3
b6 9. Ne5 Bb7 10. f4 Ne7 11. Qb1 Ng6 12. O-O Rc8 13. Rf3 Nh5 14. Qe1 f5 15. Nxg6
hxg6 16. Bh4 Qe8 17. Bg5 Kf7 18. Qe2 Nf6 19. Rff1 Rh8 20. Nf3 Rh5 21. a4 a5 22.
Ba6 Bxa6 23. Qxa6 Qc6 24. Bxf6 gxf6 25. Qe2 Rch8 26. h4 Qc7 27. g3 Be7 28. Kg2
g5 29. Rh1 gxh4 30. Rxh4 Rxh4 31. gxh4 Qd8 32. Kh3 Qg8 33. Rg1 Qh7 34. Qg2 Rc8
35. Qg3 Bd6 36. Rg2 Qh6 37. Qf2 Qh7 38. Qe2 1-0

[Event "41st Olympiad Women 2014"]
[Site "Tromso NOR"]
[Date "2014.08.06"]
[Round "5.18"]
[Board "1"]
[White "Srebrnic, Ana"]
[Black "Narva, Mai"]
[Result "0-1"]
[WhiteTitle "WGM"]
[BlackTitle "WCM"]
[WhiteElo "2251"]
[BlackElo "2205"]
[WhiteTeam "Slovenia"]
[BlackTeam "Estonia"]
[WhiteFideId "14603314"]
[BlackFideId "4500512"]
[EventDate "2014.08.02"]

1. d4 d5 2. c4 c6 3. Qc2 dxc4 4. Qxc4 Nf6 5. Nf3 Bg4 6. Nbd2 Nbd7 7. g3 e6 8.
Bg2 Be7 9. O-O O-O 10. b3 Qa5 11. h3 Bh5 12. Qd3 c5 13. Bb2 Rfd8 14. Bc3 Qb6 15.
Rac1 Bg6 16. e4 cxd4 17. Bxd4 Bc5 18. Bb2 Ne5 19. Qe2 Nd3 20. Rb1 Nh5 21. Ne5
Nxg3 22. Qf3 Nxf1 23. Ndc4 Nxe5 24. Bxe5 Nd2 0-1

[Event "41st Olympiad Women 2014"]
[Site "Tromso NOR"]
[Date "2014.08.06"]
[Round "5.18"]
[Board "2"]
[White "Tsiganova, Monika"]
[Black "Krivec, Jana"]
[Result "0-1"]
[WhiteTitle "WIM"]
[BlackTitle "WGM"]
[WhiteElo "2094"]
[BlackElo "2259"]
[WhiteTeam "Estonia"]
[BlackTeam "Slovenia"]
[WhiteFideId "4500199"]
[BlackFideId "14601982"]
[EventDate "2014.08.02"]

1. d4 f5 2. g3 Nf6 3. Bg2 e6 4. c4 Be7 5. Nf3 d6 6. O-O O-O 7. b3 a5 8. Nc3 Ne4
9. Bb2 Nxc3 10. Bxc3 Qe8 11. Qd3 Qg6 12. Rfe1 Nd7 13. e4 f4 14. Rad1 Qh6 15. e5
d5 16. gxf4 Qxf4 17. Bd2 Qg4 18. a4 dxc4 19. bxc4 Nb6 20. Re4 Qg6 21. h3 Nxc4
22. Qxc4 Qxe4 23. Ng5 Qf5 24. Ne4 Bh4 25. Be3 Bd7 26. d5 exd5 27. Qxd5+ Be6 28.
Qxb7 Qxe5 29. Nc5 Rad8 30. Re1 Bd5 31. Qb1 Rd6 32. Nd3 Qf5 33. Bxd5+ Rxd5 34.
Nf4 Qxb1 35. Rxb1 Re5 36. Nd3 Rd5 37. Nf4 Rg5+ 38. Kf1 Rgf5 39. Ne6 Re8 40. Nd4
Rf7 41. Kg2 Re4 42. Rb5 Bf6 43. Nc6 Rxa4 44. Nxa5 Bd4 45. Bxd4 Rxd4 46. Rb8+ Rf8
47. Rb7 Rd2 48. Rxc7 Rfxf2+ 49. Kg3 Rg2+ 50. Kf3 Rdf2+ 51. Ke4 Rg3 52. Nc6 Rxh3
53. Ne7+ Kf8 54. Nf5 g6 55. Rc8+ Kf7 56. Nd6+ Ke6 57. Nc4 Rc2 58. Rc6+ Ke7 59.
Kd5 Rh5+ 0-1

[Event "41st Olympiad Women 2014"]
[Site "Tromso NOR"]
[Date "2014.08.06"]
[Round "5.18"]
[Board "3"]
[White "Kolaric, Spela"]
[Black "Narva, Triin"]
[Result "1/2-1/2"]
[WhiteTitle "WFM"]
[BlackTitle "WCM"]
[WhiteElo "2043"]
[BlackElo "2068"]
[WhiteTeam "Slovenia"]
[BlackTeam "Estonia"]
[WhiteFideId "14607093"]
[BlackFideId "4502680"]
[EventDate "2014.08.02"]

1. d4 Nf6 2. c4 g6 3. g3 Bg7 4. Bg2 c5 5. Nf3 O-O 6. O-O cxd4 7. Nxd4 Nc6 8. Nc3
Qb6 9. Nb3 d6 10. Be3 Qd8 11. c5 Ng4 12. Bg5 h6 13. Bd2 dxc5 14. Nxc5 Nce5 15.
h3 Nc4 16. Bc1 Nge5 17. b3 Qa5 18. N5a4 Nb6 19. Nxb6 axb6 20. Bb2 Be6 21. Qd2
Rfd8 22. Qe3 Nc6 23. Rac1 b5 24. Ba1 Rab8 25. Qc5 Bd4 26. b4 Qxb4 27. Qxb4 Nxb4
28. Nxb5 Bxa1 29. Rxa1 Bxa2 30. Rfc1 Rd2 31. Rc7 Nc6 32. Nc3 Bc4 33. e3 Rb2 34.
Ne4 Rd8 35. Nc5 Ne5 36. Rxe7 f6 37. Nxb7 Rb8 38. Nd6 Ba2 39. Rc7 Rb1+ 40. Rxb1
Rxb1+ 41. Kh2 Rb2 42. Ra7 Kf8 43. Ne4 f5 44. Nc3 Bc4 45. Kg1 Rc2 46. Ra3 Rc1+
47. Kh2 Rc2 48. Kg1 Rc1+ 49. Kh2 Rc2 50. Kg1 Rc1+ 51. Kh2 1/2-1/2